|
|
|
|
| LEADER |
00843cam a2200229 7i4500 |
| 001 |
0000026042 |
| 005 |
20120903090000.0 |
| 020 |
|
|
|a 9780824782979
|
| 020 |
|
|
|a 0824782976 (pbk.)
|
| 090 |
0 |
0 |
|a T10.7
|b .S83 1981
|
| 100 |
1 |
|
|a Subramanyam, Krishna
|
| 245 |
1 |
0 |
|a Scientific and technical information resources
|c Krishna Subramanyam.
|
| 260 |
|
|
|a New York:
|b Marcel Dekker, Inc.,
|c 1981.
|
| 300 |
|
|
|a ix, 416 p.;
|c 23 cm.
|
| 490 |
1 |
|
|a Books in library and information science;
|v v. 3
|
| 650 |
0 |
0 |
|a Technical literature
|
| 650 |
0 |
0 |
|a Scientific literature
|
| 650 |
0 |
0 |
|a Technology --
|x References books
|
| 650 |
0 |
0 |
|a Science --
|x References books
|
| 999 |
|
|
|a 0000034490
|b BOK
|c OPEN SHELF
|e 2nd Floor, Bestari Jaya
|
| 999 |
|
|
|a 0000034491
|b BOK
|c OPEN SHELF
|e 2nd Floor, Bestari Jaya
|
| 999 |
|
|
|a 0000034492
|b BOK
|c OPEN SHELF
|e 2nd Floor, Bestari Jaya
|